000 00497nam a2200169Ia 4500
003 GCL
008 140319s9999 xx 000 0 ara d
040 _aGCL /
_cGCL
082 0 4 _a811.4
_bع ق
100 1 _aعبدالله التطاوى
245 1 0 _aالقصيدة العباسية : قضايا و اتجاهات /
_cعبدالله التطاوى
490 _a
650 0 4 _aالشعر العربى
650 0 4 _aالادب العربى
650 0 4 _aتاريخ ونقد
942 _2ddc
_cBK
999 _c41628
_d41628